| 000 | 03963nam a22003737a 4500 | ||
|---|---|---|---|
| 005 | 2012020905035.0 | ||
| 010 | _aB-473422-432 | ||
| 020 |
_c250.00 _a9788189934521 |
||
| 035 | _aB-473422-432 | ||
| 037 | _bब्लूबेरी बुक्स | ||
| 082 | _aक | ||
| 100 |
_aरोज़ालिंड विलसन _950756 |
||
| 245 |
_aएक अनमोल साथी के लिए / _cरोज़ालिंड विलसन;वेन सू द्वारा चित्रांकित |
||
| 260 |
_aनई दिल्ली _bकथा _c2010 |
||
| 270 |
_aए-3 सर्वोदय एनक्लेव, श्री औरोबिन्दो मार्ग _bनई दिल्ली _e110017 |
||
| 300 |
_aअ.पृ. _bसचित्र _c28सेमी (अजिल्द) |
||
| 700 |
_aवेन सू _941293 |
||
| 700 | _941305 | ||
| 700 | _941360 | ||
| 942 |
_2ddc _cCH _hक _mरोज़ालिं |
||
| 999 |
_c62424 _d62424 |
||